000 00628nam a2200241Ia 4500
003 OSt
005 20220918203407.0
006 a|||||r|||| 00| 0
007 ta
008 220917b |||||||| |||| 00| 0 eng d
024 _a107,996
037 _cTextual
040 _aARTS
_cARTS
_beng
041 _2eng
_aeng
082 _aV4498:2:N7, K9
100 _aTyagi A R
_9101936
245 0 _aWorking of Parliamentary democracy in Ceylon
260 _c1969
650 _aHISTORY
700 _a Bhardwaj K K
_9108350
942 _hV4498:2:N7, K9
_cTEXL
_2CC
999 _c231351
_d231351